000 00253nam a2200121Ia 4500
008 190216s9999||||xx |||||||||||||| ||und||
100 _aNull
245 0 _aHindi-Aaj Aur Kal
260 _bNavaprabhath
300 _a148
650 _aHindi
942 _cBK
999 _c16642
_d16642